000 00684nam a2200217Ia 4500
001 9691
003 GE_BSU
008 181216s||||||||xx |||||||||||||| ||und||
040 _cGE_BSU
100 _aნარიმანიძე,სილოვან
245 _aთეთრი ღრუბლები
245 _bლექსები
245 _cრედ.ლ.თურმანიძე.მხატვ.ნ.ნარიმანიძე
260 _aთბილისი
260 _bმერანი
260 _c1986
300 _a255გვ.17სმ.
653 _aთეთრი ღრუბლები
653 _aლექსები
942 _cBK
999 _c42974
_d42974